Bhahdur Shah Zafar and the war of 1857 in delhi (Record no. 68751)
[ view plain ]
| 000 -LEADER | |
|---|---|
| fixed length control field | 00840nam a22002057a 4500 |
| 005 - DATE AND TIME OF LATEST TRANSACTION | |
| control field | 20120727110533.0 |
| 010 ## - LCCN (DPL NO) | |
| LC control number | B-477230 |
| 020 ## - INTERNATIONAL STANDARD BOOK NUMBER | |
| International Standard Book Number | 9788187879916 |
| Terms of availability | 800.00 |
| 035 ## - SYSTEM CONTROL NUMBER | |
| System control number | B-477230 |
| 037 ## - SOURCE OF ACQUISITION | |
| Stock number | dpl |
| 082 ## - DEWEY DECIMAL CLASSIFICATION NUMBER | |
| Classification number | 954.083 |
| 100 ## - MAIN ENTRY--PERSONAL NAME | |
| Personal name | Mahdi Hussain, S. |
| 245 ## - TITLE STATEMENT | |
| Title | Bhahdur Shah Zafar and the war of 1857 in delhi |
| Statement of responsibility, etc | by S. Mahdi Hussain |
| 260 ## - PUBLICATION, DISTRIBUTION, ETC. (IMPRINT) | |
| Place of publication, distribution, etc | Delhi |
| Name of publisher, distributor, etc | Aakar Books |
| Date of publication, distribution, etc | 2006 |
| 270 ## - ADDRESS | |
| Address | 28 E Pocket IV Mayur Vihar Phase I |
| City | Delhi |
| Postal code | 110091 |
| 300 ## - PHYSICAL DESCRIPTION | |
| Extent | 1xxv, 451 p. |
| Other physical details | Index |
| Dimensions | 23cm |
| 942 ## - ADDED ENTRY ELEMENTS (KOHA) | |
| Source of classification or shelving scheme | Dewey Decimal Classification |
| Item type | English Books |
| Call number suffix | MAH |
| Classification part | 954.083 |
| Withdrawn status | Lost status | Not for loan | Collection code | Home library | Current library | Date acquired | Source of acquisition | Cost, normal purchase price | Full call number | Barcode | Copy number | Cost, replacement price | Koha item type |
|---|---|---|---|---|---|---|---|---|---|---|---|---|---|
| Non-fiction | Central Library | Central Library | 09/08/2012 | K.K.Pub/1907/30.3.2012/SP/45/30.03.2012/30.03.2012 | 800.00 | 954.083 MAH | B-477230 | 1 | 800.00 | English Books |
